00746 2200253 4500001002100000005001700021008004100038035002400079082001200103090001900115100002200134245011900156250001100275260003700286300001900323650003600342700002700378700002400405850001500429980001300444985000600457986001400463999001500477YOGYA-0209000001016520090227022021.0 ind  0010-020900000010165 a297.215 a297.215bMas S aAL-MASRI, Nasy'at aSenyum-senyum RosulullahcNasy'at Al-Masri ; penerjemah, Abu Abdillah Almansyur ; penyunting, Moelia Radja Siregar aCet. 9 aJakartabGema Insani Pressc1995 a128 hlmc18 cm aNabi Muhammad SAW - Kepribadian aAlmansur, Abu Abdillah aSiregar, Mulia Raja aYOPDYOG(B) a06-07-05 a1 arosrthrev a97P0097728